000 01304nam a2200361 ia4500
003 OSt
005 20260414120734.0
008 260331s2025 my a jr6 000 1 may d
020 _a9789673763924
_cRM23.90
_qpaperback
040 _aPPAK
_beng
_cPPAK
_erda
041 1 _amay
_hkor
082 0 4 _223
_a741.5
090 0 0 _a741.5
_bPAP
_dK
100 0 _aPapyrus,
_eauthor.
245 1 0 _aWHY? :
_bBintang dan Buruj /
_cDitulis oleh Papyrus ; Diilustrasi oleh Lee Geum Dol ; Diterjemahkan oleh Noor Shahariza Nordin
246 3 8 _aKomik STEM :
_bWHY? : bintang dan buruj.
_n6
264 1 _aPetaling Jaya, Selangor :
_bOrbit Buku Sdn. Bhd.,
_c[2025?]
300 _a158 pages :
_bcolour illustrations ;
_c21 cm
336 _atext
_2rdacontent
337 _aunmediated
_2rdamedia
338 _avolume
_2rdacarrier
490 1 _aKOMIK STEM
546 _aText in Malay, translated from Korean.
650 1 0 _aComic books, strips, etc.
650 2 0 _aComic books and children
650 2 0 _aScience fiction
_xComic books, strips, etc.
650 2 0 _aStar
_xComic books, strips, etc
650 2 0 _aConstellations
_xComic books, strips, etc
700 1 _aLee, Geum Dol,
_eillustrator.
700 0 _aNoor Shahariza Nordin,
_etranslator.
830 0 _aKomik STEM
942 _2ddc
_cB
999 _c203600
_d203600